| 000 | 00777nam a2200217 i 4500 | ||
|---|---|---|---|
| 001 | 123493 | ||
| 003 | ES-MaACL | ||
| 005 | 20250822063202.0 | ||
| 007 | t| | ||
| 008 | 070214s1943 sp af |||| | spa d | ||
| 100 | 1 |
_aRàfols, Josep F., _d1889-1965 _9132216 |
|
| 245 | 1 | 4 |
_aLas cien mejores obras de la escultura española / _cpor Josep F. Ráafols ; nota preliminar de Manuel Gómez Moreno ; prólogo de José María Junoy. |
| 250 | _a1ª ed. | ||
| 260 |
_aBarcelona : _bSelectas, _c1943. |
||
| 300 |
_a266 p., 100 lám. : _bil. ; _c28 cm. |
||
| 650 | 7 |
_aEscultura española _2embne _9163150 |
|
| 700 | 1 |
_aGómez-Moreno, Manuel, _d1870-1970 _958066 |
|
| 700 | 1 |
_aJunoy, Josep Maria, _d1887-1955 _967306 |
|
| 852 |
_aES-MaACL _jB-10684 |
||
| 999 |
_c123493 _d123493 |
||